书目信息 |
| 题名: |
人工流产手术
|
|
| 作者: | 孙晨 , 高静 , 晁腾飞 编 | |
| 分册: | ||
| 出版信息: | 北京 化学工业出版社 2008.01 |
|
| 页数: | 260页 | |
| 开本: | 19cm | |
| 丛书名: | 术前早知道 | |
| 单 册: | ||
| 中图分类: | R719.9 | |
| 科图分类: | ||
| 主题词: | 人工流产--ren gong liu chan--基本知识 | |
| 电子资源: | ||
| ISBN: | 978-7-122-01258-6 | |
| 000 | 00972nam 2200277 450 | |
| 001 | 012008988124 | |
| 005 | 20080508083732.32 | |
| 010 | @a978-7-122-01258-6@dCNY17.00 | |
| 100 | @a20080508d2008 em y0chiy0120 ea | |
| 101 | 0 | @achi |
| 102 | @aCN@b110000 | |
| 105 | @ay z 000yy | |
| 106 | @ar | |
| 200 | 1 | @a人工流产手术@Aren gong liu chan shou shu@f孙晨, 高静, 晁腾飞编@Fsun chen,gao jing,chao teng fei bian |
| 210 | @a北京@c化学工业出版社@d2008.01 | |
| 215 | @a260页@d19cm | |
| 225 | 2 | @a术前早知道@Ashu qian zao zhi dao |
| 330 | @a全书按照怀孕时间长短对每种流产方法做了详细介绍,每种流产方法又分别从基础知识、术前准备、手术进行时、术后和其他相关问题等内容进行详细介绍。 | |
| 410 | 0 | @12001 @a术前早知道 |
| 606 | 0 | @a人工流产@Aren gong liu chan@x基本知识 |
| 690 | @aR719.9@v4 | |
| 701 | 0 | @a孙晨@Asun chen@4编 |
| 701 | 0 | @a高静@Agao jing@4编 |
| 701 | 0 | @a晁腾飞@Achao teng fei@4编 |
| 801 | 0 | @aCN@bQSSK@c20080508 |
| 905 | @b707409-10@dR719.9@eS905@f2 | |
| 人工流产手术/孙晨, 高静, 晁腾飞编.-北京:化学工业出版社,2008.01 |
| 260页;19cm.-(术前早知道) |
| ISBN 978-7-122-01258-6:CNY17.00 |
| 全书按照怀孕时间长短对每种流产方法做了详细介绍,每种流产方法又分别从基础知识、术前准备、手术进行时、术后和其他相关问题等内容进行详细介绍。 |
| ● |
| 相关链接 |
|
|
|
正题名:人工流产手术
索取号:R719.9/S905
 
预约/预借
| 序号 | 登录号 | 条形码 | 馆藏地/架位号 | 状态 | 备注 |
| 1 | 707409 | 207074093 | 自科库401/401自科库 20排3列1层/ [索取号:R719.9/S905] | 在馆 | |
| 2 | 707410 | 207074100 | 自科库401/401自科库 20排3列1层/ [索取号:R719.9/S905] | 在馆 |